| 000 | 00530nam a22001337a 4500 | ||
|---|---|---|---|
| 040 | _cRUA | ||
| 082 | _aFOR SAT 2015 B544 Or.1 | ||
| 100 | _aSAT PHAK; សាត ភាក់ | ||
| 245 | _aStudy on garden shop and plant tree at phnom Penh capital; សិក្សាពីសួនលក់រុក្ខជាតិ និងរុក្ខជាតិិិិឈើនៅរាជធានីភ្នំពេញ | ||
| 260 |
_aPHNOM PENH _bSAT _c2015 |
||
| 300 |
_ax;42p. _bill. _c29cm. |
||
| 856 | _uSAT PHAK | ||
| 942 | _cFOR | ||
| 999 |
_c11011 _d11011 |
||